| 000 | 00616nam a2200205 u 4500 | ||
|---|---|---|---|
| 005 | 20220622063554.0 | ||
| 008 | 081009s2006 r 000 0 eng d | ||
| 020 | _a9802572578 | ||
| 035 | _aUPN01000163069 | ||
| 049 | _aI | ||
| 050 | 4 | _aPZ26.3 F7.7 | |
| 100 | 1 | _aFrancia, Silvia | |
| 245 | 1 | 3 |
_aEl regreso a clases de Roberta / _cSilvia Francia ; tr. Isabel Roo. |
| 260 |
_aCaracas : _bEkaré, _c2006. |
||
| 300 |
_a[32] p. : _bprincipalmente il. col. |
||
| 440 | 3 | _aEl jardín de los niños | |
| 650 | 0 |
_aAnimales _vCuentos y leyendas _9234 |
|
| 650 | 4 |
_aCUENTOS INFANTILES SUIZOS _912327 |
|
| 905 | _aInfantil | ||
| 999 |
_c135182 _d135182 |
||